1209 1659 1446 1265 1397 1207 1273 1278 1985 1897 1611 1319 1829 1731 1429 1335 1259 1751 1838 1296 1493 1675 1444 1894 1755 1908 1515 1011 1082 1128 1514 1150 1457 1478 1918 1531 1277 1176 1158 1149 1860 1279 1283 1717 1032 1877 1309 1319 1929 1061 1571 1256 1798 1570 1502 1870 1777 1735 1439 1426 1297 1016 1331 1372 1132 1105 1026 1551 1794 1782 1841 1657 1800 1678 1844 1709 1408 1747 1061 1999 1554 1897 1465 1405 1570 1554 1838 1028 1602 1875 1811 1586 1309 1958 1453 1564 1059 1587 1910 BCNSPRNW ULIB Ver.6.0+V

เปลี่ยนเป็นภาษาไทย

Change to English
 แสดงรายละเอียดบรรณานุกรม
  กลับหน้าหลัก

Brief Record : Get Marc (ISO 2709) : E-mail record : QR code < ปิดหน้าต่าง
LEADER : 00000nam 2200000uu 4500
001    13399113071
003     ULIB
008    110923s2550||||th 000 0 tha d
020    9789741315093
050 04 PE1131^bว387ภ 2550
100 0  วัชรี อนันตทรัพย์กิจ
245 10 ภาษาอังกฤษเพื่อการสัมภาษณ์งาน /^cวัชรี อนันตทรัพย์กิจ
260    กรุงเทพฯ :^bเจ.บี. พับลิชชิ่ง,^c2550
300    198 หน้า ;^c21 ซม
650  7 การสัมภาษณ์
650  7 ภาษาอังกฤษ^xการใช้ภาษา
945    ^p165^l0^i027619
995    ทศพร
999 ^a ศิริพร
รายการนี้ยังไม่มีแท็ก
คุณยังไม่ได้ล็อกอิน คุณสามารถมีกิจกรรมร่วมกับเว็บไซต์ได้ แต่ต้องล็อกอินก่อน ::
  ล็อกอิน

รายการสื่อสารสนเทศ

ลำดับที่ ประเภท เลขเรียก/บาร์โค้ด สถานที่ สถานะ
- ไม่พบข้อมูล -

รายการใกล้เคียง
    ผู้แต่ง [วัชรี อนันตทรัพย์กิจ]

    หัวเรื่อง [การสัมภาษณ์]
    หัวเรื่อง [ภาษาอังกฤษ การใช้ภาษา]

BibComment


ยังไม่เคยถูกคอมเมนท์

คอมเมนท์ทรัพยากรรายการนี้
  คอมเมนท์: ภาษาอังกฤษเพื่อกา..


 Copyright 2026. Bcnsprnw @Library